000 00707nam a2200253Ia 4500
003 OSt
005 20220926005023.0
006 a|||||r|||| 00| 0
007 ta
008 220923b |||||||| |||| 00| 0 eng d
020 _a09761934340
037 _cGeneral Book
040 _aRTL
_cRTL
_beng
041 _2eng
_aeng
082 _aY:6.2.P, P6
100 _aPapa Michael J and others
_9309616
245 0 _aOrganizing for social change
260 _a New Delhi
_bSage Publication India
_c2006
300 _a297p
_ccm.
500 _aBibliography P 262-287
650 _aSocial Change
942 _hY:6.2.P, P6
_cGB
_2CC
999 _c612776
_d612776